[Event "Europe Echecs Blitz May op"]
[Site "Europe Echecs INT"]
[Date "2021.05.09"]
[Round "5"]
[White "Moussous, Mohamed"]
[Black "Citores, Mathis"]
[Result "1-0"]
[WhiteElo "1590"]
[BlackElo "1288"]
[PlyCount "55"]
[EventDate "2021.05.09"]
[EventType "swiss (blitz)"]
[EventRounds "11"]
[EventCountry "FRA"]
[SourceTitle "CBM 202 Extra"]
[Source "ChessBase"]
[SourceDate "2021.07.31"]
[SourceVersion "1"]
[SourceVersionDate "2021.07.31"]
[SourceQuality "1"]

1. e4 e6 2. f4 d5 3. exd5 exd5 4. Nf3 Be7 5. d4 Nf6 6. Nc3 Ne4 7. Nxe4 dxe4 8. Ne5 Nd7 9. Qe2 Nxe5 10. fxe5 Bf5 11. c3 0-0 12. g4 Bg6 13. Be3 f6 14. Qc4+ Bf7 15. e6 Bg6 16. 0-0-0 f5 17. gxf5 Bxf5 18. d5 Bg5 19. Bxg5 Qxg5+ 20. Kb1 e3+ 21. Ka1 Bg4 22. Rg1 Rf4 23. Qxc7 Qf6 24. Qxb7 Re8 25. Re1 Rxf1 26. Rgxf1 Qh4 27. Qf7+ Kh8 28. Qxe8# 1-0

[Event "C'Chartres Blitz op April"]
[Site "Europe Echecs INT"]
[Date "2021.04.10"]
[Round "3"]
[White "Burssens, Maya"]
[Black "Citores, Mathis"]
[Result "0-1"]
[WhiteElo "1076"]
[BlackElo "1288"]
[PlyCount "50"]
[EventDate "2021.04.10"]
[EventType "swiss (blitz)"]
[EventRounds "11"]
[EventCountry "FRA"]
[SourceTitle "CBM 201 Extra"]
[Source "ChessBase"]
[SourceDate "2021.05.31"]
[SourceVersion "1"]
[SourceVersionDate "2021.05.31"]
[SourceQuality "1"]

1. e4 e6 2. d4 d5 3. exd5 exd5 4. Nf3 Bd6 5. Bd3 Nc6 6. 0-0 Nge7 7. Re1 0-0 8. Bb5 a6 9. Bxc6 Nxc6 10. Bg5 Ne7 11. Nc3 h6 12. Bh4 f5 13. Bxe7 Bxe7 14. Ne5 Be6 15. Ng6 Rf6 16. Nxe7+ Qxe7 17. Nxd5 Qd6 18. Nxf6+ gxf6 19. c3 Kf7 20. Qh5+ Ke7 21. Qxh6 Rg8 22. Qh7+ Kd8 23. Qh4 Qc6 24. Qxf6+ Kd7 25. c4 Qxg2# 0-1

[Event "C'Chartres Blitz op April"]
[Site "Europe Echecs INT"]
[Date "2021.04.10"]
[Round "4"]
[White "Citores, Mathis"]
[Black "Fondrat, Johan"]
[Result "1-0"]
[WhiteElo "1288"]
[BlackElo "1509"]
[PlyCount "61"]
[EventDate "2021.04.10"]
[EventType "swiss (blitz)"]
[EventRounds "11"]
[EventCountry "FRA"]
[SourceTitle "CBM 201 Extra"]
[Source "ChessBase"]
[SourceDate "2021.05.31"]
[SourceVersion "1"]
[SourceVersionDate "2021.05.31"]
[SourceQuality "1"]

1. e4 c5 2. Nc3 g6 3. Bc4 Bg7 4. f4 Nc6 5. Nf3 d6 6. 0-0 Nf6 7. d3 0-0 8. Qe1 Be6 9. Nd5 Nd4 10. Nxd4 cxd4 11. Nxf6+ Bxf6 12. Bxe6 fxe6 13. f5 exf5 14. exf5 Kg7 15. fxg6 hxg6 16. Qd2 Rh8 17. h3 Qd7 18. Qf4 Rh5 19. Qg3 Rah8 20. Rf3 Be5 21. Bf4 Bf6 22. Raf1 Qc6 23. Bd2 Qxc2 24. Bc1 Qc6 25. Qg4 Qc8 26. Qe4 d5 27. Qf4 Qe6 28. Rg3 Be5 29. Qg4 Bf4 30. Qxe6 Bxg3 31. Rf7+ 1-0

[Event "C'Chartres Blitz op April"]
[Site "Europe Echecs INT"]
[Date "2021.04.10"]
[Round "2"]
[White "Citores, Mathis"]
[Black "Le Neutre, Baptiste"]
[Result "1/2-1/2"]
[WhiteElo "1288"]
[BlackElo "1713"]
[PlyCount "139"]
[EventDate "2021.04.10"]
[EventType "swiss (blitz)"]
[EventRounds "11"]
[EventCountry "FRA"]
[SourceTitle "CBM 201 Extra"]
[Source "ChessBase"]
[SourceDate "2021.05.31"]
[SourceVersion "1"]
[SourceVersionDate "2021.05.31"]
[SourceQuality "1"]

1. e4 d6 2. d4 Nf6 3. Nc3 Nbd7 4. Bf4 e5 5. dxe5 dxe5 6. Bg3 Bb4 7. Nf3 Nxe4 8. Qd3 Nxc3 9. bxc3 Bd6 10. Qe3 0-0 11. Be2 f5 12. Nxe5 Re8 13. f4 b6 14. Qf3 Rb8 15. Nxd7 Qxd7 16. Qd5+ Kh8 17. Qd3 Bb7 18. 0-0 Be4 19. Qd1 Bc5+ 20. Bf2 Bxf2+ 21. Rxf2 Qxd1+ 22. Rxd1 Bxc2 23. Rd2 Ba4 24. Bd1 Bxd1 25. Rxd1 Re4 26. g3 Rbe8 27. Rfd2 g6 28. Rd7 R4e7 29. Rxe7 Rxe7 30. Rd8+ Kg7 31. Kf2 Kf6 32. h3 Ke6 33. Rd2 Rd7 34. Re2+ Kd5 35. Rd2+ Kc6 36. Re2 Rd3 37. Rc2 Kc5 38. Kg2 Kc4 39. g4 fxg4 40. hxg4 Rxc3 41. Re2 Ra3 42. Re7 Rxa2+ 43. Kf3 Ra3+ 44. Ke2 c5 45. Rxh7 Kd4 46. Re7 c4 47. f5 gxf5 48. gxf5 Rh3 49. Rxa7 c3 50. Rd7+ Ke4 51. Kd1 Kxf5 52. Kc2 Ke5 53. Rb7 Kd4 54. Rxb6 Rh2+ 55. Kd1 Kd3 56. Rd6+ Kc4 57. Kc1 Kb3 58. Rb6+ Kc4 59. Rc6+ Kd3 60. Rd6+ Kc4 61. Rc6+ Kd4 62. Rd6+ Kc5 63. Rd8 Rh3 64. Kc2 Kb4 65. Rb8+ Ka3 66. Rb7 Ka4 67. Rb8 Ka5 68. Rb7 Ka6 69. Rc7 Rh1 70. Rxc3 1/2-1/2

[Event "C'Chartres Blitz op April"]
[Site "Europe Echecs INT"]
[Date "2021.04.10"]
[Round "6"]
[White "Citores, Mathis"]
[Black "Percheron, Andre"]
[Result "0-1"]
[WhiteElo "1288"]
[BlackElo "1851"]
[PlyCount "94"]
[EventDate "2021.04.10"]
[EventType "swiss (blitz)"]
[EventRounds "11"]
[EventCountry "FRA"]
[SourceTitle "CBM 201 Extra"]
[Source "ChessBase"]
[SourceDate "2021.05.31"]
[SourceVersion "1"]
[SourceVersionDate "2021.05.31"]
[SourceQuality "1"]

1. e4 e5 2. Bc4 Nf6 3. Nc3 Nc6 4. Nf3 Be7 5. 0-0 h6 6. d4 exd4 7. Nxd4 0-0 8. Be3 Ne5 9. Bb3 d6 10. Qd2 Re8 11. Nf5 Bf8 12. Nd5 Nxe4 13. Qd1 Bxf5 14. f4 Ng4 15. Qf3 Nxe3 16. Nxe3 Nd2 17. Qg3 Nxf1 18. Rxf1 Rxe3 19. Qxe3 Qf6 20. Qf2 Bd7 21. Qf3 Bc6 22. Bd5 Bxd5 23. Qxd5 c6 24. Qf3 d5 25. Kh1 Re8 26. Qf2 Qxb2 27. Qxa7 Qxc2 28. Qxb7 Re2 29. Qb3 Rxg2 30. Qxc2 Rxc2 31. Ra1 d4 32. a4 d3 33. a5 d2 34. a6 Rc1+ 35. Rxc1 dxc1Q+ 36. Kg2 Qb2+ 37. Kg3 Qa3+ 38. Kg4 Qxa6 39. h4 Qe2+ 40. Kf5 c5 41. h5 Qd3+ 42. Kg4 c4 43. f5 c3 44. f6 c2 45. fxg7 Bxg7 46. Kf4 c1Q+ 47. Kg4 Qcc4# 0-1

[Event "Cappelle Online Blitz op"]
[Site "Europe Echecs INT"]
[Date "2021.03.07"]
[Round "6"]
[White "Citores, Mathis"]
[Black "Slotala, Richard"]
[Result "0-1"]
[WhiteElo "1288"]
[BlackElo "1728"]
[PlyCount "100"]
[EventDate "2021.03.07"]
[EventType "swiss (blitz)"]
[EventRounds "11"]
[EventCountry "FRA"]
[SourceTitle "CBM 201 Extra"]
[Source "ChessBase"]
[SourceDate "2021.05.31"]
[SourceVersion "1"]
[SourceVersionDate "2021.05.31"]
[SourceQuality "1"]

1. e4 d6 2. d4 Nf6 3. Nc3 g6 4. e5 Nfd7 5. f4 Bg7 6. Nf3 0-0 7. Bd3 c5 8. dxc5 dxe5 9. fxe5 Nxe5 10. Nxe5 Bxe5 11. Bh6 Bg7 12. Bxg7 Kxg7 13. 0-0 Qc7 14. Ne4 f5 15. Qf3 Nd7 16. Nc3 Qxc5+ 17. Kh1 e5 18. Qf2 e4 19. Qxc5 Nxc5 20. Bc4 Bd7 21. Bb5 Bxb5 22. Nxb5 a6 23. Nc7 Rac8 24. Nd5 Rcd8 25. c4 Nd3 26. Nc7 Rf6 27. Rad1 Rc8 28. Nd5 Rd6 29. Ne7 Rxc4 30. h3 Rc7 31. Rxf5 Rxe7 32. Rff1 Rf7 33. Rxf7+ Kxf7 34. g4 Ke6 35. h4 Ke5 36. Rf1 Nxb2 37. a3 Nc4 38. a4 Rd2 39. h5 e3 40. Re1 Ke4 41. hxg6 hxg6 42. g5 Kf3 43. Kg1 Ne5 44. Kh1 Kf2 45. Rg1 e2 46. Rg2+ Kf3 47. Kh2 e1Q 48. a5 Qh4+ 49. Kg1 Rxg2+ 50. Kf1 Qh1# 0-1

[Event "Cappelle Online Blitz op"]
[Site "Europe Echecs INT"]
[Date "2021.03.07"]
[Round "4"]
[White "Citores, Mathis"]
[Black "Staune, Jean"]
[Result "1-0"]
[WhiteElo "1288"]
[BlackElo "1719"]
[PlyCount "45"]
[EventDate "2021.03.07"]
[EventType "swiss (blitz)"]
[EventRounds "11"]
[EventCountry "FRA"]
[SourceTitle "CBM 201 Extra"]
[Source "ChessBase"]
[SourceDate "2021.05.31"]
[SourceVersion "1"]
[SourceVersionDate "2021.05.31"]
[SourceQuality "1"]

1. e4 c5 2. Nc3 e6 3. Bc4 Nf6 4. f4 d5 5. exd5 exd5 6. Bb3 Be7 7. Nf3 0-0 8. d3 d4 9. Ne4 b6 10. Nxf6+ Bxf6 11. 0-0 Bb7 12. Ne5 Bxe5 13. fxe5 Qe7 14. Bf4 Nd7 15. Qe2 Rae8 16. Rae1 Kh8 17. Qh5 f6 18. exf6 Qxf6 19. Rxe8 g6 20. Rxf8+ Qxf8 21. Be5+ Nxe5 22. Qxe5+ Qg7 23. Rf8# 1-0

[Event "Cappelle Online Blitz op"]
[Site "Europe Echecs INT"]
[Date "2021.03.07"]
[Round "1"]
[White "Poschadel, Andreas Gregor"]
[Black "Citores, Mathis"]
[Result "1-0"]
[WhiteElo "2061"]
[BlackElo "1288"]
[PlyCount "83"]
[EventDate "2021.03.07"]
[EventType "swiss (blitz)"]
[EventRounds "11"]
[EventCountry "FRA"]
[SourceTitle "CBM 201 Extra"]
[Source "ChessBase"]
[SourceDate "2021.05.31"]
[SourceVersion "1"]
[SourceVersionDate "2021.05.31"]
[SourceQuality "1"]

1. e4 e5 2. Nf3 Nc6 3. Bc4 Bc5 4. 0-0 Nf6 5. d4 exd4 6. e5 Ng8 7. c3 Nge7 8. cxd4 Bb6 9. d5 Na5 10. Be2 c6 11. b4 Nxd5 12. bxa5 Bxa5 13. Ba3 d6 14. exd6 Bb4 15. Bc4 Bxd6 16. Re1+ Be6 17. Bxd6 Qxd6 18. Bxd5 cxd5 19. Nc3 Rd8 20. Qa4+ Rd7 21. Nb5 Qc6 22. Nfd4 Qb6 23. Nxe6 fxe6 24. Nd4 0-0 25. Qxd7 Qxd4 26. Qxe6+ Kh8 27. Qe3 Qf6 28. Qxa7 h6 29. Rf1 Rf7 30. Qb8+ Kh7 31. Rab1 d4 32. Rxb7 d3 33. Rxf7 Qxf7 34. Qb1 Qd5 35. Rd1 Kh8 36. Qxd3 Qxa2 37. Qd8+ Kh7 38. Qd3+ Kh8 39. h3 Qf7 40. Rc1 Qf4 41. Rc8+ Qf8 42. Rxf8# 1-0

[Event "Cappelle Online Bullet op"]
[Site "Europe Echecs INT"]
[Date "2021.03.05"]
[Round "2"]
[White "Citores, Mathis"]
[Black "Percheron, Andre"]
[Result "0-1"]
[WhiteElo "1288"]
[BlackElo "1851"]
[PlyCount "96"]
[EventDate "2021.03.05"]
[EventType "swiss (blitz)"]
[EventRounds "15"]
[EventCountry "FRA"]
[SourceTitle "EXT 2022"]
[Source "ChessBase"]
[SourceDate "2021.10.06"]
[SourceVersion "1"]
[SourceVersionDate "2021.10.06"]
[SourceQuality "1"]

1. e4 g6 2. d4 Bg7 3. Nf3 d6 4. Bd3 Nf6 5. Be3 0-0 6. Nc3 Nc6 7. 0-0 e5 8. d5 Ne7 9. a3 Bg4 10. h3 Bxf3 11. Qxf3 Qd7 12. Qe2 Rad8 13. f4 c6 14. fxe5 dxe5 15. Qf3 cxd5 16. exd5 Nexd5 17. Bc4 Nxe3 18. Qxe3 Qd4 19. Qxd4 exd4 20. Nd5 Nxd5 21. Bxd5 Rxd5 22. Rad1 Rfd8 23. c3 dxc3 24. Rxd5 Rxd5 25. bxc3 Bxc3 26. Rd1 Rxd1+ 27. Kh2 Be5+ 28. g3 Rd2+ 29. Kg1 Bxg3 30. Kf1 f5 31. Kg1 Ra2 32. h4 Rxa3 33. h5 Bh4 34. hxg6 hxg6 35. Kg2 g5 36. Kf1 f4 37. Ke2 b6 38. Kd1 a5 39. Ke2 Ra2+ 40. Kf1 Rh2 41. Kg1 Rb2 42. Kf1 a4 43. Kg1 a3 44. Kf1 b5 45. Kg1 b4 46. Kf1 b3 47. Kg1 a2 48. Kf1 a1Q# 0-1

[Event "Cappelle Online Bullet op"]
[Site "Europe Echecs INT"]
[Date "2021.03.05"]
[Round "13"]
[White "Citores, Mathis"]
[Black "Staune, Jean"]
[Result "1/2-1/2"]
[WhiteElo "1288"]
[BlackElo "1719"]
[PlyCount "90"]
[EventDate "2021.03.05"]
[EventType "swiss (blitz)"]
[EventRounds "15"]
[EventCountry "FRA"]
[SourceTitle "EXT 2022"]
[Source "ChessBase"]
[SourceDate "2021.10.06"]
[SourceVersion "1"]
[SourceVersionDate "2021.10.06"]
[SourceQuality "1"]

1. e4 c5 2. Bc4 e6 3. Nc3 d5 4. exd5 exd5 5. Nxd5 Nf6 6. Nxf6+ Qxf6 7. Nf3 Be7 8. d4 cxd4 9. Nxd4 0-0 10. 0-0 Bd7 11. f4 Bc6 12. Be3 Bc5 13. Kh1 Qd6 14. Nxc6 Qxc6 15. Bxc5 Qxc5 16. Qd5 Qxd5 17. Bxd5 Nc6 18. Bxc6 bxc6 19. Rae1 Rac8 20. Re7 Rfe8 21. Rxa7 Re2 22. Rc1 c5 23. h3 c4 24. c3 g6 25. b3 h5 26. bxc4 Rxc4 27. Rd1 Rxa2 28. Rdd7 Ra1+ 29. Rxa1 Rxc3 30. Raa7 Rc8 31. Rxf7 Kh8 32. Rh7+ Kg8 33. Rag7+ Kf8 34. Rxg6 Rd8 35. Rh8+ Ke7 36. Rxd8 Kxd8 37. Rg8+ Ke7 38. f5 Kf6 39. g4 hxg4 40. hxg4 Kf7 41. g5 Kxg8 42. g6 Kg7 43. f6+ Kxf6 44. g7 Kg6 45. g8Q+ Kf6 1/2-1/2

[Event "Cappelle Online Blitz op 1st"]
[Site "Europe Echecs INT"]
[Date "2021.01.10"]
[Round "11"]
[White "Citores, Mathis"]
[Black "Dubois, Martine"]
[Result "0-1"]
[WhiteElo "1288"]
[BlackElo "1780"]
[PlyCount "176"]
[EventDate "2021.01.10"]
[EventType "swiss (blitz)"]
[EventRounds "11"]
[EventCountry "FRA"]
[SourceTitle "CBM 200 Extra"]
[Source "ChessBase"]
[SourceDate "2021.03.31"]
[SourceVersion "1"]
[SourceVersionDate "2021.03.31"]
[SourceQuality "1"]

1. e4 e5 2. Bc4 Nf6 3. Nc3 c6 4. f4 d5 5. exd5 cxd5 6. Bb3 exf4 7. d4 Bg4 8. Nf3 Qe7+ 9. Qe2 Nc6 10. Bxf4 Qxe2+ 11. Kxe2 Nxd4+ 12. Kf2 Bc5 13. Nxd4 Bxd4+ 14. Kg3 h5 15. h3 Be6 16. Rad1 Bxc3 17. bxc3 Ne4+ 18. Kh2 Nf2 19. Rhe1 Nxd1 20. Rxd1 0-0-0 21. Re1 Rd7 22. Ba4 Re7 23. Be5 Rg8 24. Rb1 f6 25. Bg3 g5 26. h4 g4 27. Rb5 a6 28. Rc5+ Kd8 29. Bb3 Rge8 30. Bxd5 Bxd5 31. Rxd5+ Rd7 32. Rf5 Re6 33. c4 Rd2 34. Rxh5 Ree2 35. Rh8+ Ke7 36. Rh7+ Ke6 37. Kh1 Rxg2 38. Bb8 Rge2 39. Bh2 Rd1+ 40. Bg1 Ree1 41. Kh2 Rxg1 42. Rxb7 Rge1 43. Kg3 Re4 44. Rb8 Rg1+ 45. Kf2 Rc1 46. h5 Rxc2+ 47. Kf1 Re3 48. Re8+ Kf5 49. Rxe3 Rxc4 50. Re2 g3 51. Kg2 Kg5 52. Kxg3 Rc3+ 53. Kf2 Kxh5 54. Re6 Kg5 55. Rxa6 f5 56. Ra5 Kg4 57. a3 f4 58. Ke2 Rc2+ 59. Kd3 Ra2 60. Ra4 Kg3 61. Ke4 f3 62. Ra8 Kf2 63. Rf8 Rxa3 64. Kf4 Ra4+ 65. Ke5 Ke2 66. Re8 f2 67. Kd5+ Kd1 68. Rf8 Ke1 69. Re8+ Kf1 70. Rf8 Rg4 71. Kc5 Kg1 72. Rxf2 Kxf2 73. Kd5 Ke3 74. Ke5 Rg5+ 75. Kf6 Ra5 76. Ke6 Kd4 77. Kd6 Ra6+ 78. Kc7 Rh6 79. Kb7 Kc5 80. Kc7 Rh7+ 81. Kd8 Kc6 82. Ke8 Kd6 83. Kf8 Ra7 84. Ke8 Rb7 85. Kf8 Ke6 86. Kg8 Kf6 87. Kh8 Kg6 88. Kg8 Rb8# 0-1

[Event "Cappelle Online Blitz op 1st"]
[Site "Europe Echecs INT"]
[Date "2021.01.10"]
[Round "10"]
[White "Delfosse, Jean Michel"]
[Black "Citores, Mathis"]
[Result "0-1"]
[WhiteElo "1727"]
[BlackElo "1288"]
[PlyCount "78"]
[EventDate "2021.01.10"]
[EventType "swiss (blitz)"]
[EventRounds "11"]
[EventCountry "FRA"]
[SourceTitle "CBM 200 Extra"]
[Source "ChessBase"]
[SourceDate "2021.03.31"]
[SourceVersion "1"]
[SourceVersionDate "2021.03.31"]
[SourceQuality "1"]

1. e4 e5 2. Nf3 Nc6 3. d4 exd4 4. Nxd4 Bc5 5. Be3 Qf6 6. c3 Nge7 7. g3 0-0 8. Bg2 b6 9. 0-0 Bb7 10. h3 Rad8 11. Kh2 Nxd4 12. Bxd4 Bxd4 13. cxd4 d5 14. e5 Qe6 15. Nc3 c5 16. f4 f5 17. exf6 Qxf6 18. dxc5 bxc5 19. Qd2 Rd7 20. Rae1 d4 21. Bxb7 Rxb7 22. Ne4 Qg6 23. Nxc5 Rc7 24. Nd3 Nf5 25. Qg2 Ne3 26. Qd2 Rc2 27. Qxc2 Nxc2 28. Ne5 Qe6 29. Rc1 Ne3 30. Rfe1 Qb6 31. b3 Re8 32. Re2 Qb7 33. Rg1 g5 34. Rd2 gxf4 35. gxf4+ Kh8 36. Rxd4 Rg8 37. Rxg8+ Kxg8 38. Rd2 Nf1+ 39. Kg1 Nxd2 0-1

[Event "FRA-ch Blitz Online Qual"]
[Site "Europe Echecs INT"]
[Date "2020.05.16"]
[Round "10"]
[White "Baudouin, Moise"]
[Black "Citores, Mathis"]
[Result "1-0"]
[WhiteElo "1135"]
[BlackElo "1288"]
[PlyCount "45"]
[EventDate "2020.05.16"]
[EventType "swiss (blitz)"]
[EventRounds "15"]
[EventCountry "FRA"]
[SourceTitle "CBM 196 Extra"]
[Source "ChessBase"]
[SourceDate "2020.07.31"]
[SourceVersion "1"]
[SourceVersionDate "2020.07.31"]
[SourceQuality "1"]

1. c4 e5 2. g3 Nc6 3. Bg2 b6 4. Nf3 Bb7 5. d4 e4 6. Nfd2 d5 7. cxd5 Nxd4 8. Nxe4 Qxd5 9. 0-0 Qd8 10. Nbc3 Bxe4 11. Bxe4 Rc8 12. Be3 Bc5 13. Bxd4 Bxd4 14. Bc6+ Kf8 15. Qb3 Bxc3 16. Qxc3 Ne7 17. Rad1 Nxc6 18. Rxd8+ Rxd8 19. Qxc6 Rd2 20. Qxc7 g6 21. Qc8+ Kg7 22. Qc3+ Kf8 23. Qxd2 1-0

[Event "FRA-ch Blitz Online Qual"]
[Site "Europe Echecs INT"]
[Date "2020.05.16"]
[Round "1"]
[White "Briand, Amaury"]
[Black "Citores, Mathis"]
[Result "1-0"]
[WhiteElo "1929"]
[BlackElo "1288"]
[PlyCount "57"]
[EventDate "2020.05.16"]
[EventType "swiss (blitz)"]
[EventRounds "15"]
[EventCountry "FRA"]
[SourceTitle "CBM 196 Extra"]
[Source "ChessBase"]
[SourceDate "2020.07.31"]
[SourceVersion "1"]
[SourceVersionDate "2020.07.31"]
[SourceQuality "1"]

1. e4 e5 2. Nf3 Nc6 3. Bc4 Bc5 4. c3 Nf6 5. d4 exd4 6. e5 Nxe5 7. Nxe5 Qe7 8. 0-0 0-0 9. cxd4 Bd6 10. Re1 Re8 11. Nc3 a6 12. Bxf7+ Kf8 13. Bxe8 Qxe8 14. Bg5 h6 15. Bxf6 gxf6 16. Ng4 Qh5 17. h3 Bf4 18. Nxf6 Qf5 19. Ncd5 c6 20. Re8+ Kf7 21. Re7+ Kg6 22. Nxf4+ Qxf4 23. Qh5+ Kxf6 24. Qf7+ Kg5 25. Re5+ Qxe5 26. dxe5 d5 27. f4+ Kh4 28. Kh2 h5 29. g3# 1-0

[Event "FRA-ch Blitz Online Qual"]
[Site "Europe Echecs INT"]
[Date "2020.05.16"]
[Round "9"]
[White "Citores, Mathis"]
[Black "Fronius, Lino"]
[Result "0-1"]
[WhiteElo "1288"]
[BlackElo "1313"]
[PlyCount "122"]
[EventDate "2020.05.16"]
[EventType "swiss (blitz)"]
[EventRounds "15"]
[EventCountry "FRA"]
[SourceTitle "CBM 196 Extra"]
[Source "ChessBase"]
[SourceDate "2020.07.31"]
[SourceVersion "1"]
[SourceVersionDate "2020.07.31"]
[SourceQuality "1"]

1. e4 e5 2. Nc3 Nf6 3. Nf3 Nc6 4. Bc4 Bc5 5. d3 d6 6. 0-0 Bg4 7. h3 Bh5 8. Be3 Bb6 9. Bxb6 axb6 10. d4 Nxd4 11. g4 Nxf3+ 12. Qxf3 Bg6 13. g5 Nh5 14. Nd5 c6 15. Ne3 Qxg5+ 16. Qg4 Qf6 17. Nf5 Nf4 18. Rad1 Rd8 19. h4 h5 20. Qg5 Bxf5 21. exf5 Nh3+ 22. Kh1 Nxg5 23. hxg5 Qxg5 24. Rg1 Qf6 25. f4 Kd7 26. fxe5 Qxe5 27. Rge1 Qxf5 28. Bd3 Qh3+ 29. Kg1 Rde8 30. Rf1 f6 31. Bf5+ Qxf5 32. Rxf5 Re5 33. Rf2 Ra8 34. a3 Ke6 35. Rg2 g5 36. Rf1 Rf5 37. Re2+ Re5 38. Rh2 h4 39. Rhf2 Rf8 40. c4 h3 41. Kh2 g4 42. Kg3 f5 43. Kf4 Rg8 44. Rg1 Re4+ 45. Kg3 Re3+ 46. Kh2 g3+ 47. Rxg3 Rexg3 48. Re2+ Kf6 49. Rd2 Rg2+ 50. Rxg2 hxg2 51. Kg1 f4 52. b4 f3 53. a4 f2+ 54. Kxf2 g1Q+ 55. Ke2 Rg2+ 56. Kf3 Qf2+ 57. Ke4 Qf5+ 58. Ke3 Rg3+ 59. Ke2 Qc2+ 60. Kf1 Ra3 61. b5 Ra1# 0-1

[Event "FRA-ch Blitz Online Qual"]
[Site "Europe Echecs INT"]
[Date "2020.05.16"]
[Round "5"]
[White "Massiani, Xavier"]
[Black "Citores, Mathis"]
[Result "1-0"]
[WhiteElo "1781"]
[BlackElo "1288"]
[PlyCount "47"]
[EventDate "2020.05.16"]
[EventType "swiss (blitz)"]
[EventRounds "15"]
[EventCountry "FRA"]
[SourceTitle "CBM 196 Extra"]
[Source "ChessBase"]
[SourceDate "2020.07.31"]
[SourceVersion "1"]
[SourceVersionDate "2020.07.31"]
[SourceQuality "1"]

1. e4 e5 2. Nf3 Nc6 3. d4 exd4 4. Nxd4 Bc5 5. Be3 Qf6 6. c3 Nge7 7. g3 b6 8. Bg2 Bb7 9. 0-0 0-0 10. f4 d6 11. b4 Nxd4 12. cxd4 Bxb4 13. e5 dxe5 14. dxe5 Qe6 15. Bxb7 Rab8 16. Bg2 f6 17. Qa4 c5 18. a3 Ba5 19. Nd2 Bxd2 20. Bxd2 fxe5 21. Rae1 b5 22. Qxa7 Ra8 23. Bxa8 Qh3 24. Bg2 1-0